Normal view
MARC view
- Madaras, Lynda
Entry Nombre Personal
001 - NUMERO DE CONTROL
- campo de control: 36442
003 - IDENTIFICADOR DE NUMERO DE CONTROL
- campo de control: DLC
005 - FECHA Y HORA DE LA ÜLTIMA TRANSACCIÓN
- campo de control: 20230210144330.0
008 - DATOS DE LONGITUD FIJA
- campo de control de longitud fija: 790802n| azannaabn |n aaa
010 ## - NÚMERO DE CONTROL DE LA BIBLIOTECA DEL CONGRESO
- Número de control LC: n 79063506
035 ## - NUMERO DE CONTROL
- Número de control: (OCoLC)oca00296452
040 ## - FUENTE DE CATALOGACIÓN
- Agencia original de catalogación: DLC
- Lenguaje de catalogación: spa
- Description conventions: rda
- Agencia de transcripción: DLC
- Agencia que lo modifica: OCoLC
- Agencia que lo modifica: DNLM
- Agencia que lo modifica: MX-MxUPN
100 1# - ENCABEZAMIENTO - NOMBRE PERSONAL
- Nombre personal: Madaras, Lynda
670 ## - FUENTE EN LA QUE SE LOCALIZARON DATOS
- Cita de la fuente: Child's play, c1976.
- Información localizada: portada (Lynda Madaras)
670 ## - FUENTE EN LA QUE SE LOCALIZARON DATOS
- Cita de la fuente: ¿Qué le pasa a mi cuerpo? : cómo ayudar a su hija a convertirse en mujer, 1987:
- Información localizada: portada (Lynda Madaras)
902 ## - CATALOGADOR
- Catalogador: Víctor Ruiz/100223
